| 000 | 00543cam a22002171 4500 | ||
|---|---|---|---|
| 001 | sa 68002234 | ||
| 003 | DLC | ||
| 005 | 20260227112441.0 | ||
| 008 | 900108s1966 ii b 000 0 beno | ||
| 010 | _asa 68002234 | ||
| 035 | _a(OCoLC)20860700 | ||
| 040 |
_aDLC _cWaU _dDLC |
||
| 042 | _apremarc | ||
| 050 | 0 | 0 |
_aPK1718.M47 _bS282 |
| 100 | 1 |
_aMitra, Bimal, _d1912-1991. |
|
| 245 | 1 | 0 | _aSāhitya-bicitrā. |
| 260 | _c[1966] | ||
| 300 |
_a639 p. _c23 cm. |
||
| 500 | _aIn Bengali. | ||
| 504 | _aList of the author's works: p. [633]-639. | ||
| 999 |
_c78549 _d78549 |
||